00000000nam##2200000za#4500
0019.615883
003CaOODSP
00520220111083449
007ta
008150406|2001||||xxc|||||     f|0| 0 eng|d
022 |a1713-0638
040 |aCaOODSP|beng
043 |an-cn---
0861 |aNE22-1/2001-10E
1101 |aCanada. |bNational Energy Board.
24510|aMaritimes & Northeast Pipeline Management Ltd. (M&NP): reasons for decision on the Article 17 issue
260 |aCalgary - Alberta : |bNational Energy Board |c2001.
300 |a10p. ; |c28 cm.
4901 |aReasons for decision |x1713-0638
5203 |aThe National Energy Board publishes reasons for decisions when it expects its decisions to influence actions beyond the particular case that was heard. The Board is an independent tribunal with responsibilities for regulating the oil, gas, and electricity industries. Its decisions affect the industry, energy consumers, and anyone who owns land or lives in the vicinity of pipeline and international power line rights of way. Its decisions aim to protect the public interest in safety, environmental protection, and economic efficiency.
563 |aSoftcover
590 |a02-02|b2002-01-11
69007|aAtlantic provinces|2gcpds
69007|aDecisions|2gcpds
69007|aPipelines|2gcpds
77508|tMaritimes & Northeast Pipeline Management Ltd. (M&NP): motifs de décision concernant la question de l'article 17 |w(CaOODSP)9.625879
7760#|tMaritimes & Northeast Pipeline Management Ltd. (M&NP) : |w(CaOODSP)9.572614
830#0|aReasons for decision (Canada. National Energy Board)|x1713-0638|w(CaOODSP)9.514808
986 |aRH-3-2001